Normal view MARC view
  • GAWALI, DR. VIKAS B. AND OTHERS

Entry Personal Name

Number of records used in: 1

001 - CONTROL NUMBER

  • control field: 8229

003 - CONTROL NUMBER IDENTIFIER

  • control field: JRU

005 - DATE AND TIME OF LATEST TRANSACTION

  • control field: 20231103141155.0

008 - FIXED-LENGTH DATA ELEMENTS

  • fixed length control field: 231103|| aca||aabn | a|a d

040 ## - CATALOGING SOURCE

  • Original cataloging agency: JRU
  • Transcribing agency: JRU

100 ## - HEADING--PERSONAL NAME

  • Personal name: GAWALI, DR. VIKAS B. AND OTHERS

670 ## - SOURCE DATA FOUND

  • Source citation: Work cat.: (JRU)8453: GAWALI, DR. VIKAS B. AND OTHERS, PRACTICAL HANDBOOK OF PHARMACOTHERAPEUTICS [ 2ND YERS ], 2022